Poverty and underdevelopment among the fisherman of east coast (Record no. 502472)

000 -LEADER
fixed length control field 00318cam a22001097a 4500
008 - FIXED-LENGTH DATA ELEMENTS--GENERAL INFORMATION
fixed length control field 180718b1993 xxu||||| |||| 00| 0 eng d
082 ## - DEWEY DECIMAL CLASSIFICATION NUMBER
Classification number Q31 R18
245 ## - TITLE STATEMENT
Title Poverty and underdevelopment among the fisherman of east coast
Statement of responsibility, etc. By M. Rama Mohan Rao
260 ## - PUBLICATION, DISTRIBUTION, ETC.
Place of publication, distribution, etc. Visakhapatnam
Name of publisher, distributor, etc.
Date of publication, distribution, etc. 1993
300 ## - PHYSICAL DESCRIPTION
Extent 400p.
650 ## - SUBJECT ADDED ENTRY--TOPICAL TERM
Topical term or geographic name entry element Poverty
Holdings
Withdrawn status Lost status Damaged status Not for loan Permanent Location Current Location Date acquired Full call number Barcode Date last seen Price effective from Koha item type
        Indian Institute of Public Administration Indian Institute of Public Administration 2018-08-04 Q31 R18 GR14585 2018-08-04 2018-08-04 GR

Powered by Koha